Morbaine Ltd v SoS Environment and South Northampton DC and another (Record no. 40324)
[ view plain ]
| 000 -LEADER | |
|---|---|
| fixed length control field | 01568cab a2200253 4500 |
| 001 - CONTROL NUMBER | |
| control field | ABS52178 |
| 008 - FIXED-LENGTH DATA ELEMENTS--GENERAL INFORMATION | |
| fixed length control field | 090401t1994 xxu||||| |||| 00| 0 eng d |
| 035 ## - SYSTEM CONTROL NUMBER | |
| System control number | (Sirsi) u64721 |
| 041 ## - LANGUAGE CODE | |
| Language code of text/sound track or separate title | eng |
| 245 ## - TITLE STATEMENT | |
| Title | Morbaine Ltd v SoS Environment and South Northampton DC and another |
| 260 ## - PUBLICATION, DISTRIBUTION, ETC. | |
| Date of publication, distribution, etc. | 1994 |
| 350 ## - PRICE (NR) (BK AM CF MU VM SE) [OBSOLETE] | |
| Price | 0 |
| 490 ## - SERIES STATEMENT | |
| Series statement | Property and Compensation Reports |
| Volume/sequential designation | (1994) 68 PCR 525-543(19) |
| 520 ## - SUMMARY, ETC. | |
| Summary, etc. | QBD 20 December 1993. Two applications were made for planning permission to develop supermarkets in the same town by C and H. M was H`s chosen developer and had an option to purchase the site. H`s application was called in by the SoS for determination. C appealed to the council (SN) to determine its application. SN requested that C`s should also be called in and a joint application issued. The SoS refused giving no reasons. An Inspector granted planning permission to C following an inquiry. M and SN applied under Town and Country Planning Act 1990 to quash the decision. C argued that M had no right to do this as they had not been present at the inquiry. SN also applied to quash the decision of the SoS to refuse to call in C`s application as the SoS was obliged to give his reasons. SoS`s decision quashed. |
| 650 ## - SUBJECT ADDED ENTRY--TOPICAL TERM | |
| Topical term or geographic name entry element | CALL-IN |
| 650 ## - SUBJECT ADDED ENTRY--TOPICAL TERM | |
| Topical term or geographic name entry element | JUDICIAL REVIEW |
| 650 ## - SUBJECT ADDED ENTRY--TOPICAL TERM | |
| Topical term or geographic name entry element | MORBAINE LTD V SOS ENVIRONMENT AND SOUTH NORTHAMPTON DC |
| 650 ## - SUBJECT ADDED ENTRY--TOPICAL TERM | |
| Topical term or geographic name entry element | OPTION TO PURCHASE |
| 650 ## - SUBJECT ADDED ENTRY--TOPICAL TERM | |
| Topical term or geographic name entry element | PLANNING APPLICATIONS |
| 650 ## - SUBJECT ADDED ENTRY--TOPICAL TERM | |
| Topical term or geographic name entry element | TOWN AND COUNTRY PLANNING ACT 1990 S288(1) |
| 690 ## - LOCAL SUBJECT ADDED ENTRY--TOPICAL TERM (OCLC, RLIN) | |
| Topical term or geographic name as entry element | PLANNING LAW AND PRACTICE-CASE LAW |
| 942 ## - ADDED ENTRY ELEMENTS (KOHA) | |
| Suppress in OPAC | 0 |
| 948 ## - LOCAL PROCESSING INFORMATION (OCLC); SERIES PART DESIGNATOR (RLIN) | |
| c (OCLC) | 04/03/1997 |
| Withdrawn status | Lost status | Source of classification or shelving scheme | Damaged status | Not for loan | Home library | Current library | Shelving location | Date acquired | Total Checkouts | Full call number | Barcode | Date last seen | Copy number | Price effective from | Koha item type |
|---|---|---|---|---|---|---|---|---|---|---|---|---|---|---|---|
| Dewey Decimal Classification | London | London | Journal article | 14/09/1999 | ABS52178 | 64721-1001 | 06/08/2019 | 1 | 06/08/2019 | Law report |